|
|
|
|
| LEADER |
02500njm a2200541 a 4500 |
| 001 |
000151719 |
| 003 |
CZ BrMZK |
| 005 |
19950101143423.0 |
| 008 |
950101s1996 xr f eng d |
| 028 |
0 |
1 |
|a 3035-2 612
|b Supraphon
|
| 040 |
|
|
|a BOA001
|b cze
|
| 080 |
|
|
|a 782.9(086.7)
|2 MRF
|
| 100 |
1 |
|
|a Fibich, Zdeněk,
|d 1850-1900
|7 jk01031059
|4 cmp
|
| 245 |
1 |
0 |
|a Hippodamia's death
|h [zvukový záznam] :
|b a stage melodrama in 4 acts, op. 33 : part 3 of trilogy [Hippodamia] /
|c Zdeněk Fibich ; text by Jaroslav Vrchlický ; directed by Lubomír Poživil.
|
| 246 |
3 |
2 |
|a Hippodamia
|
| 246 |
3 |
3 |
|a Hippodamie
|
| 246 |
3 |
|
|a Smrt Hippodamie
|
| 260 |
|
|
|a Praha :
|b Supraphon Records,
|c p1986, p1996
|
| 300 |
|
|
|a 2 CD :
|b AAD, stereo ;
|c 12 cm +
|e 1 vícejaz. brožura (23 s.), libreto (78 s.).
|
| 306 |
|
|
|a 022403
|
| 500 |
|
|
|a Souběž. text v libretu angl.
|
| 500 |
|
|
|a Nahr. 1984
|
| 500 |
|
|
|a Durata 144:03
|
| 511 |
0 |
|
|a Eduard Cupák, Jaroslava Adamová, Jiří Štěpnička ... [et al.], přednes veršů. Státní filharmonie Brno, dir. František Jílek; Kühnův smíšený sbor, dir. Pavel Kühn.
|
| 653 |
0 |
|
|a melodramy
|a romantická hudba
|
| 700 |
1 |
|
|a Pešek, Ladislav,
|d 1906-1986
|7 jk01092649
|4 prf
|
| 700 |
1 |
|
|a Poživil, Lubomír,
|d 1927-2020
|7 xx0076577
|4 drt
|
| 700 |
1 |
|
|a Preiss, Viktor,
|d 1947-
|7 jn19990218086
|4 prf
|
| 700 |
1 |
|
|a Preissová, Jana,
|d 1948-
|7 jn19990209687
|4 prf
|
| 700 |
1 |
|
|a Viney, Deryck E.
|4 trl
|
| 700 |
1 |
|
|a Vinklář, Josef,
|d 1930-2007
|7 jn20000402546
|4 prf
|
| 700 |
1 |
|
|a Štěpnička, Jiří,
|d 1947-
|7 jn20000402902
|4 prf
|
| 700 |
1 |
|
|a Vrchlický, Jaroslav,
|d 1853-1912
|7 jk01151037
|4 lbt
|
| 700 |
1 |
|
|a Adamová, Jaroslava,
|d 1925-2012
|7 jn19981000031
|4 prf
|
| 700 |
1 |
|
|a Brabec, Vladimír,
|d 1934-2017
|7 jn19981000322
|4 prf
|
| 700 |
1 |
|
|a Cupák, Eduard,
|d 1932-1996
|7 jn99240000141
|4 prf
|
| 700 |
1 |
|
|a Jelínek, Zdeněk,
|d 1923-
|4 prf
|
| 700 |
1 |
|
|a Jiránek, Jaroslav,
|d 1922-2001
|7 jk01051803
|4 wam
|
| 700 |
1 |
|
|a Jílek, František,
|d 1913-1993
|7 jn19990216090
|4 cnd
|
| 700 |
1 |
|
|a Kühn, Pavel,
|d 1938-2003
|7 jn19990009906
|4 cnd
|
| 700 |
1 |
|
|a Masopust, Miroslav,
|d 1943-2009
|7 jx20051216019
|4 prf
|
| 700 |
1 |
|
|a Němec, František,
|d 1943-
|7 jn19990209587
|4 prf
|
| 710 |
2 |
|
|a Kühnův smíšený sbor
|7 ko2003164871
|4 prf
|
| 710 |
2 |
|
|a Státní filharmonie Brno
|7 kn20030215152
|4 prf
|
| 910 |
|
|
|a BOA001
|b CD-0003.943,3
|
| 964 |
|
|
|a Melodramy
|x CD
|
| 990 |
|
|
|a AV
|
| 996 |
6 |
|
|b 261H003980
|c CD-0003.943,3
|l MZK
|r Sklad / do 24 hodin
|n 0
|p p.v.
|w 000151719
|u 000010
|a 1
|e BOA001
|j MZK50
|s P
|